RRII 400 Parampara Rubberinangal: Roopaparamaya Saviseshathakalum Verthirichariyalum (Record no. 45040)

MARC details
000 -LEADER
fixed length control field 00472nam a2200145Ia 4500
041 ## - LANGUAGE CODE
Language code of text/sound track or separate title Malayalam
100 ## - MAIN ENTRY--AUTHOR NAME
Personal name Vinoth Thomas
245 #0 - TITLE STATEMENT
Title RRII 400 Parampara Rubberinangal: Roopaparamaya Saviseshathakalum Verthirichariyalum
260 ## - PUBLICATION, DISTRIBUTION, ETC. (IMPRINT)
Name of publisher Rubber Research Institute of India
Place of publication Kottayam
Year of publication 2007
650 ## - SUBJECT ADDED ENTRY--TOPICAL TERM
Topical Term Crop Improvement
700 ## - ADDED ENTRY--PERSONAL NAME
Personal name T. Gireesh
700 ## - ADDED ENTRY--PERSONAL NAME
Personal name T. Meenakumari
942 ## - ADDED ENTRY ELEMENTS (KOHA)
Koha item type Publications
Holdings
Withdrawn status Lost status Damaged status Not for loan Collection code Home library Current library Date acquired Cost, normal purchase price Accession Number Koha item type
      Publications Book publications RRII Library RRII Library 31/12/2021 30.00 BK 11 Publications